CATECHESI. GENNAIO FEBBRAIO 1998. PER ADOLESCENTI GIOVANI E ADULTI. (Record n. 331749)

Dettagli MARC
000 -LEADER
fixed length control field 01991nas a2200277Ia 4500
001 - CONTROL NUMBER
control field R050-S3163
003 - CONTROL NUMBER IDENTIFIER
control field IT-CnALBA
008 - FIXED-LENGTH DATA ELEMENTS--GENERAL INFORMATION
fixed length control field 170116c99999999xx |||||||||||| ||und||
040 ## - CATALOGING SOURCE
Original cataloging agency IT-CnALBA
Transcribing agency IT-CnALBA
041 ## - LANGUAGE CODE
Language code of text/sound track or separate title ITALIANO
999 ## - SYSTEM CONTROL NUMBERS (KOHA)
Koha Dewey Subclass [OBSOLETE] NO
100 ## - MAIN ENTRY--PERSONAL NAME
Personal name DAMU PIETRO
210 ## - ABBREVIATED TITLE
Abbreviated title CATECHESI
222 ## - KEY TITLE
Key title CATECHESI
245 #0 - TITLE STATEMENT
Title CATECHESI. GENNAIO FEBBRAIO 1998. PER ADOLESCENTI GIOVANI E ADULTI.
250 ## - EDITION STATEMENT
Edition statement 1a ed.
260 ## - PUBLICATION, DISTRIBUTION, ETC. (IMPRINT)
Place of publication, distribution, etc. TORINO
Name of publisher, distributor, etc. ELLE DI CI - LEUMANN
Date of publication, distribution, etc. 1998 [1° Ed.:1998 - Ed.Ling.Originale: 1998]
300 ## - PHYSICAL DESCRIPTION
Extent 80 p.
310 ## - CURRENT PUBLICATION FREQUENCY
Current publication frequency BIMESTRALE
362 ## - DATES OF PUBLICATION AND/OR SEQUENTIAL DESIGNATION
Dates of publication and/or sequential designation Fascicolo: 1 / Anno: 68 (1998)
500 ## - GENERAL NOTE
General note PRESENTAZIONE DEL FASCICOLO. CATECHESI SULLO SPIRITO SANTO. IL SACRAMENTO DELLA CONFERMAZIONE. INCONTRO DEI GIOVANI A PARIGI. XII GIORNATA MONDIALE GIOVENTÙ 1997. TARICCO L. IL MISTERO DELLO SPIRITO SANTO. MORANTE G. INIZIAZIONE DISABILI AI SACRAMENTI. COSTI G. RICONCILIAZIONE DAL PECCATO NEL CATECHISMO DEI GIOVANI. FONTANA A. SCHEDE BIBLICHE, CATECHESI E ITINERARI CATECUMENALI. BISSOLI C. PACE E GIUSTIZIA IN PROSPETTIVA ECUMENICA, INCONTRO ITALO TEDESCOPAGAZZI ST. CATECHESI IN FAMIGLIA. MARIA NELLA PIETÀ E NELL'ICONOGRAFIA SECOLI XII XVI. LIBRI. SEGNALAZIONI. NOVITA ELLE DI CI.
501 ## - WITH NOTE
With note Società San Paolo EM - Piazza San Paolo, 14 - 12051 ALBA (CN) (non commercial uses only) ® Copyright 2017
520 ## - SUMMARY, ETC.
Summary, etc. PRESENTAZIONE DEL FASCICOLO. CATECHESI SULLO SPIRITO SANTO. IL SACRAMENTO DELLA CONFERMAZIONE. INCONTRO DEI GIOVANI A PARIGI. XII GIORNATA MONDIALE GIOVENTÙ 1997. TARICCO L. IL MISTERO DELLO SPIRITO SANTO. MORANTE G. INIZIAZIONE DISABILI AI SACRAMENTI. COSTI G. RICONCILIAZIONE DAL PECCATO NEL CATECHISMO DEI GIOVANI. FONTANA A. SCHEDE BIBLICHE, CATECHESI E ITINERARI CATECUMENALI. BISSOLI C. PACE E GIUSTIZIA IN PROSPETTIVA ECUMENICA, INCONTRO ITALO TEDESCOPAGAZZI ST. CATECHESI IN FAMIGLIA. MARIA NELLA PIETÀ E NELL'ICONOGRAFIA SECOLI XII XVI. LIBRI. SEGNALAZIONI. NOVITA ELLE DI CI.
650 ## - SUBJECT ADDED ENTRY--TOPICAL TERM
Topical term or geographic name as entry element CATECHESI
942 ## - ADDED ENTRY ELEMENTS (KOHA)
Koha item type RIVISTA
957 ## -
-- 1
999 ## - SYSTEM CONTROL NUMBERS (KOHA)
-- 1
Dati di copia
Withdrawn status Lost status Damaged status Not for loan Home library Current library Date acquired Total Checkouts Full call number Date last seen Price effective from Koha item type Public note
    Buone Condizioni Not For Loan ALBA - Biblioteca ALBA - Biblioteca 16/01/2017   R050-S3163 16/01/2017 16/01/2017 RIVISTA (data import: 16 gennaio 2017) - By Epidotti, Vaglietti.
CREDITS: SOCIETA' SAN PAOLO Via A.Severo, 58 - ROMA (RM) & PERIODICI SAN PAOLO SRL Via Giotto, 36 MILANO & CISF Via Giotto, 36 MILANO & EDIZIONI SAN PAOLO SRL,  Piazza Soncino, 5 CINISELLO BALSAMO (MI) -- ITALY